| 000 | 01838cam a2200529 a 4500 | ||
|---|---|---|---|
| 001 | 20047 | ||
| 003 | VRT | ||
| 005 | 20260115110407.0 | ||
| 008 | 240318s1970 xo a b 000 p slo | ||
| 015 | _aSNBA1970/02-00517 | ||
| 020 | _q(viaz.) | ||
| 035 | _aSK01SNK19700006149 | ||
| 035 | _aSKM000008612 | ||
| 039 | 9 |
_a202403181823 _bVLOAD _c202311201340 _dVLOAD _c202205031019 _dmsvkbb04 _c202111090904 _dAUTHORITY |
|
| 040 |
_aSNK _bslo _cSNK _eAACR2 |
||
| 041 | 0 | _aslo | |
| 044 |
_axo _cSK |
||
| 072 | 7 |
_a821.162.4-1 _xSlovenská poézia _2konspekt |
|
| 072 | 7 |
_a82-93 _xLiteratúra pre deti a mládež (beletria) _2konspekt |
|
| 080 |
_a821.162.4-1 _22011 |
||
| 080 |
_a82-93-053.4/.5 _22011 |
||
| 100 | 1 |
_aVálek, Miroslav, _d1927-1991 _4aut |
|
| 245 | 1 | 0 |
_aDo Tramtárie _cMiroslav Válek ; [ilustroval Miroslav Cipár] |
| 250 | _aVyd. 1. | ||
| 260 |
_aBratislava _bMladé letá _c1970 |
||
| 300 |
_a51, [4] s. _c21 cm |
||
| 366 | _e7000 výt. | ||
| 490 | 1 | _aKlub mladých čitateľov | |
| 655 | 7 |
_aslovenská poézia _2SNKPH |
|
| 655 | 7 |
_aliteratúra pre deti _2SNKPH |
|
| 655 | 7 |
_aSlovak poetry _2SNKPHeng |
|
| 655 | 7 |
_aChildren's literature _2SNKPHeng |
|
| 700 | 1 |
_aCipár, Miroslav, _d1935-2021 _4ill |
|
| 830 | 0 | _aKlub mladých čitateľov | |
| 910 | _asnk | ||
| 942 |
_2ddc _cKLDE _n0 |
||
| 949 |
_63830001060102 _akurukT18/VALE1-18 _bkuruk2011/F6145 |
||
| 949 |
_6270001000335773 _asvkbbS 54876 _bsvkbbm 215076 |
||
| 949 |
_63870A10758 _abinBIB 71/019 _bbin10758 |
||
| 949 |
_64710703657 _astrmkM _bstrmk2008/3657 |
||
| 949 |
_64710704938 _astrmkM _bstrmk2008/4938 |
||
| 949 |
_64710704939 _astrmkM _bstrmk2008/4939 |
||
| 949 | _asnkSD 36806 | ||
| 949 |
_617A1348198 _asnkSD 36806 D1 _bsnkKSP 2313/70 |
||
| 949 |
_6273K0006451 _asvkpoA 93329 _bsvkpo213043 |
||
| 999 |
_c20047 _d20047 |
||